000 00830cab a2200241 4500
001 ABS51522
008 090401t1994 xxu||||| |||| 00| 0 eng d
035 _a(Sirsi) u31662
041 _aeng
100 _aCatt, R.
245 2 _aA thatched problem
260 _c1994
350 _a0
490 _aMortgage Finance
_v126(1542) October 1994, 60-61(2)
520 _aNotes the physical, insurance and planning difficulties experienced by owners of thatched houses, and points the building surveyor to sources of advice on the examination of thatched roofs.
650 _aMASTER THATCHERS ASSOCIATION
650 _aSOCIETY FOR THE PROTECTION OF ANCIENT BUILDINGS
650 _aTHATCH
650 _aTHATCHHOLDERS INSURANCE AGENCY
690 _aBUILT ENVIRONMENT-BUILDING INSPECTION
942 _n0
948 _c04/03/1997
999 _c21252
_d21252